1466 1411 1392 1740 1149 1697 1211 1138 1549 1371 1610 1011 1779 1592 1275 1129 1642 1432 1551 1541 1402 1080 1168 1358 1190 1791 1229 1720 1139 1652 1145 1155 1322 1821 1759 1575 1599 1776 1875 1484 1864 1865 1076 1100 1897 1630 1534 1830 1372 1730 1011 1292 1960 1378 1202 1899 1135 1158 1348 1427 1011 1287 1842 1402 1768 1344 1436 1390 1705 1229 1630 1972 1891 1978 1388 1484 1461 1947 1888 1516 1481 1435 1497 1313 1594 1108 1670 1990 1209 1800 1371 1998 1054 1135 1292 1599 1512 1691 1860 BCNSPRNW ULIB Ver.6.0+V

เปลี่ยนเป็นภาษาไทย

Change to English
 แสดงรายละเอียดบรรณานุกรม
  กลับหน้าหลัก

Brief Record : Get Marc (ISO 2709) : E-mail record : QR code < ปิดหน้าต่าง
LEADER : 00000nam 2200000uu 4500
001    13399124630
003     ULIB
008    151103s2558||||th 000 0 tha d
020    ^a9786162352270
050  4 ^aDS586^bพ362
245 00 ^aพระทรงเป็นยิ่งกว่ามหากษัตริย์ /^cผู้เรียบเรียง, ชัชพล ไชยพร, ศิรธัชศิริชุมแสง
250    ^aพิมพ์ครั้งที่ 1
260    ^aกรุงเทพฯ :^bสำนักงานปลัดสำนักนายกรัฐมนตรี,^c2558, [2015]
300    ^a255 หน้า :^bภาพประกอบ ;^c28 ซม.
600 04 ^aภูมิพลอดุลยเดช,^cพระบาทสมเด็จพระปรมินทรมหา,^d2470-
700 0  ^aชัชพล ไชยพร
700 0  ^aศิรธัช ศิริชุมแสง
710 2  ^aสำนักงานปลัดสำนักนายกรัฐมนตรี
945    ^p0^l0^i000165
999    ^aเกษร โพธิ์สุวรรณ
รายการนี้ยังไม่มีแท็ก
คุณยังไม่ได้ล็อกอิน คุณสามารถมีกิจกรรมร่วมกับเว็บไซต์ได้ แต่ต้องล็อกอินก่อน ::
  ล็อกอิน

รายการสื่อสารสนเทศ

ลำดับที่ ประเภท เลขเรียก/บาร์โค้ด สถานที่ สถานะ
1. การศึกษาทั่วไป
การศึกษาทั่วไป
DS586 พ362 ฉ.1 
  Barcode: 000165
ห้องสมุดวิทยาเขตสวรรค์ประชารักษ์
►หนังสือทั่วไป
บนชั้น

BibComment


ยังไม่เคยถูกคอมเมนท์

คอมเมนท์ทรัพยากรรายการนี้
  คอมเมนท์: พระทรงเป็นยิ่งกว..


 Copyright 2026. Bcnsprnw @Library